1653 1326 1554 1288 1256 1296 1852 1798 1935 1878 1289 1239 1840 1003 1877 1456 1713 1408 1347 1507 1123 1994 1964 1809 1226 1773 1136 1570 1387 1250 1150 1793 1489 1129 1897 1441 1440 1996 1224 1302 1490 1966 1087 1602 1108 1739 1559 1121 1732 1884 1888 1648 1759 1732 1447 1433 1108 1563 1934 1671 1016 1300 1941 1622 1673 1300 1831 1887 1593 1572 1652 1977 1403 1956 1704 1379 1035 1295 1101 1649 1423 1333 1899 1843 1840 1530 1419 1251 1046 1160 1833 1470 1219 1845 1682 1095 1442 1359 1650 BCNSPRNW ULIB Ver.6.0+V

เปลี่ยนเป็นภาษาไทย

Change to English
 แสดงรายละเอียดบรรณานุกรม
  กลับหน้าหลัก

Brief Record : Get Marc (ISO 2709) : E-mail record : QR code < ปิดหน้าต่าง
LEADER : 00000nam 2200000uu 4500
001    13399108002
003     ULIB
008    110214s2545||||th 000 0 tha d
020    9749040813
060 04 WY161^bก492ก 2545
245 00 การพยาบาลศัลยศาสตร์ทางคลินิก =^bSurgical nursing inclinical practices /^cบรรณาธิการ, วรนุช เกียรติพงษ์ถาวร, อัจฉรา เตชฤทธิพิทักษ์, สมคิด โพธิ์ชนะพันธุ์, ผ่องศรี ศรีมรกต
246 31 Surgical nursing in clinical practices
250    พิมพ์ครั้งที่ 4
260    กรุงเทพฯ :^bภาควิชาการพยาบาลศัลยศาสตร์ คณะพยาบาลศาสตร์มหาวิทยาลัยมหิดล,^c2545
300    [16], 268 หน้า :^bภาพประกอบ ;^c21 ซม.
504    บรรณานุกรม
650  7 การพยาบาลศัลยศาสตร์
700 0  วรนุช เกียรติพงษ์ถาวร,^eบรรณาธิการ
700 0  อัจฉรา เตชฤทธิพิทักษ์,^eบรรณาธิการ
700 0  สมคิด โพธิ์ชนะพันธุ์,^eบรรณาธิการ
700 0  ผ่องศรี ศรีมรกต,^eบรรณาธิการ
710 2  มหาวิทยาลัยมหิดล. ^bคณะพยาบาลศาสตร์.^bภาควิชาการพยาบาลศัลยศาสตร์
945    ^p250^l0^i015495
945    ^p250^l0^i015493
995    ทศพร
999 ^a ใช้งานได้ทุกระบบ
รายการนี้ยังไม่มีแท็ก
คุณยังไม่ได้ล็อกอิน คุณสามารถมีกิจกรรมร่วมกับเว็บไซต์ได้ แต่ต้องล็อกอินก่อน ::
  ล็อกอิน

รายการสื่อสารสนเทศ

ลำดับที่ ประเภท เลขเรียก/บาร์โค้ด สถานที่ สถานะ
- ไม่พบข้อมูล -

รายการใกล้เคียง
    หัวเรื่อง [การพยาบาลศัลยศาสตร์]

BibComment


ยังไม่เคยถูกคอมเมนท์

คอมเมนท์ทรัพยากรรายการนี้
  คอมเมนท์: การพยาบาลศัลยศาสต..


 Copyright 2026. Bcnsprnw @Library